00838nam a2200205 a 450000100100000000500170001000800410002702000150006804000250008308200150010810000510012324501370017426000440031130000200035550000430037570000350041870000430045395201190049699900170061500003650720200930075753.0120119s2000 sp 000 0 spa d a844930931X aDO-SdBNPbspacBNPHU axxxbA241s1 aAdorno, Theodor Wiesengrund,d1903-196996274910aSobre la música /cTheodor W. Adorno ; introducción de Gerard Vilar ; traducción Marta Tafalla González y Gerard Vilar Roca. aBarcelona :bEdiciones Paidós,c2000. a90 p. ;c20 cm. aIncluye notas al pie de las páginas.1 aVilar, Gerard,dintrod.9627501 aTafalla González, Marta,dtr.962751 001054708MOaGRbGRcCTd2012-01-19iLF1l0oxxx A241sp36508-10r2020-06-25w2020-06-25y4ZPréstamo en sala c35998d35998